000 00496cam a2200157ua 4500
040 _cMNP
082 _a634 FOO 1999 A044 Or.
245 0 0 _aState of the world's forests, 1999.
260 _aRome :
_bFood and Agriculture Organization of the United Nations,
_cc1999.
300 _a154 p. :
_bcol. ill. ;
_c30 cm.
650 0 _aForest policy.
650 0 _aForest management.
650 0 _aForests and forestry.
710 2 _aFood and Agriculture Organization of the United Nations.
942 _cEK
999 _c13384
_d13384